[Event "Modra Slovakia op"]
[Site "Modra"]
[Date "2024.03.04"]
[Round "6"]
[White "Chojnacki, Kevin"]
[Black "Kukla, Tomas"]
[Result "0-1"]
[WhiteElo "1672"]
[BlackElo "1864"]
[PlyCount "54"]
[EventDate "2024.03.01"]
[EventType "swiss"]
[EventRounds "9"]
[EventCountry "SVK"]
[SourceTitle "CB11_2024"]
[SourceDate "2024.03.13"]
[SourceVersion "1"]
[SourceVersionDate "2024.03.13"]
[SourceQuality "1"]

1. Nf3 Nf6 2. g3 c5 3. Bg2 d5 4. c4 d4 5. b3 Nc6 6. e3 e5 7. exd4 exd4 8. d3 Bd6 9. 0-0 0-0 10. a3 a5 11. Bg5 h6 12. Bxf6 Qxf6 13. Nbd2 Bg4 14. Ne4 Qe7 15. Nxd6 Qxd6 16. Qc2 Rae8 17. Rfe1 f5 18. Rxe8 Rxe8 19. Re1 Rf8 20. h3 Bh5 21. Nh4 g5 22. Bd5+ Kg7 23. Re6 Qc7 24. Qd2 Nd8 25. Nxf5+ Rxf5 26. g4 Nxe6 27. Bxe6 Re5 0-1

[Event "Modra Slovakia op"]
[Site "Modra"]
[Date "2024.03.03"]
[Round "4"]
[White "Chojnacki, Kevin"]
[Black "Petrik, Matus"]
[Result "1/2-1/2"]
[WhiteElo "1672"]
[BlackElo "1812"]
[PlyCount "69"]
[EventDate "2024.03.01"]
[EventType "swiss"]
[EventRounds "9"]
[EventCountry "SVK"]
[SourceTitle "CB11_2024"]
[SourceDate "2024.03.13"]
[SourceVersion "1"]
[SourceVersionDate "2024.03.13"]
[SourceQuality "1"]

1. Nf3 d5 2. c4 d4 3. e3 Nc6 4. exd4 Nxd4 5. Nxd4 Qxd4 6. d3 Bg4 7. Qa4+ Bd7 8. Qc2 Bc6 9. Be3 Qd7 10. Nc3 Nf6 11. d4 e6 12. a3 g6 13. b4 b6 14. f3 Bg7 15. Be2 0-0 16. 0-0 Rad8 17. Rad1 Qe7 18. Rd2 Bb7 19. Rfd1 Rd7 20. Bg5 Qe8 21. Kh1 Qa8 22. Be3 Rfd8 23. Kg1 Kh8 24. Bg5 h6 25. Be3 Kh7 26. Bf2 Ng8 27. Bd3 Kh8 28. Be4 Bf6 29. Bxb7 Qxb7 30. Ne4 Be7 31. Qc3 Kh7 32. c5 Qc6 33. Qb3 b5 34. Nc3 Bf6 35. Ne4 1/2-1/2

[Event "Modra Slovakia op"]
[Site "Modra"]
[Date "2024.03.03"]
[Round "5"]
[White "Pietrucha, Jaroslaw"]
[Black "Chojnacki, Kevin"]
[Result "1/2-1/2"]
[WhiteElo "1781"]
[BlackElo "1672"]
[PlyCount "97"]
[EventDate "2024.03.01"]
[EventType "swiss"]
[EventRounds "9"]
[EventCountry "SVK"]
[SourceTitle "CB11_2024"]
[SourceDate "2024.03.13"]
[SourceVersion "1"]
[SourceVersionDate "2024.03.13"]
[SourceQuality "1"]

1. e4 Nf6 2. Nc3 d5 3. exd5 Nxd5 4. Nxd5 Qxd5 5. d4 Nc6 6. Be3 Bf5 7. a3 e6 8. Nf3 Bg4 9. Be2 0-0-0 10. 0-0 Bd6 11. Ng5 Bxe2 12. Qxe2 Qf5 13. Rfd1 h6 14. Nf3 g5 15. c4 Be7 16. b4 g4 17. Ne5 Nxe5 18. dxe5 Qxe5 19. Qxg4 Bd6 20. g3 Rdg8 21. Qf3 Qf5 22. Qxf5 exf5 23. Bd4 Rh7 24. c5 Bf8 25. Re1 Bg7 26. Bxg7 Rhxg7 27. Re5 f4 28. Rd1 fxg3 29. hxg3 Rd8 30. Rde1 f6 31. Re6 Rf7 32. Kg2 Rd3 33. Re8+ Rd8 34. Rxd8+ Kxd8 35. Rd1+ Ke8 36. Rd5 Re7 37. Kf3 Kf7 38. Rd8 c6 39. Kf4 a6 40. f3 h5 41. a4 Kg7 42. Rd2 Kf7 43. Kf5 Re5+ 44. Kf4 Re7 45. a5 Kg6 46. Rh2 Re8 47. g4 hxg4 48. Kxg4 Kg7 49. Rh1 1/2-1/2

[Event "Modra Slovakia op"]
[Site "Modra"]
[Date "2024.03.02"]
[Round "2"]
[White "Chojnacki, Kevin"]
[Black "Smetana, Peter"]
[Result "1-0"]
[WhiteElo "1672"]
[BlackElo "1993"]
[PlyCount "101"]
[EventDate "2024.03.01"]
[EventType "swiss"]
[EventRounds "9"]
[EventCountry "SVK"]
[SourceTitle "CB11_2024"]
[SourceDate "2024.03.13"]
[SourceVersion "1"]
[SourceVersionDate "2024.03.13"]
[SourceQuality "1"]

1. Nf3 c5 2. b3 Nc6 3. Bb2 d6 4. d4 cxd4 5. Nxd4 Nf6 6. Nxc6 bxc6 7. c4 e5 8. g3 Be7 9. Bg2 Qc7 10. 0-0 0-0 11. Nc3 Bb7 12. Rc1 Rad8 13. e4 Bc8 14. Kh1 Nd7 15. b4 Qb6 16. Qb3 Nf6 17. a4 Be6 18. a5 Qa6 19. b5 Qxa5 20. bxc6 Rb8 21. Qc2 Qc5 22. Nd5 Bd8 23. f4 Ng4 24. Qe2 Qxc6 25. f5 Bxd5 26. cxd5 Qb6 27. Ba3 Ne3 28. Bxd6 Nxf1 29. Bxb8 Nxg3+ 30. hxg3 Qxb8 31. Bf1 Qb3 32. Qd3 Qxd3 33. Bxd3 Bb6 34. Bb5 Rd8 35. Kg2 Kf8 36. Rc6 Ke7 37. g4 h6 38. Kf3 Rd6 39. Rc8 Rd8 40. Rc6 Ba5 41. Ra6 Bb6 42. Bc6 Kd6 43. Ke2 Rh8 44. Ra1 Rb8 45. Rc1 Bc5 46. Rc4 Rb3 47. Be8 Rg3 48. Bxf7 Rxg4 49. Kf3 Rg1 50. Bh5 Rg5 51. Bg6 1-0

[Event "Berkshire Berks & Bucks op-C"]
[Site "Berkshire"]
[Date "2023.08.27"]
[Round "3"]
[White "Chojnacki, Kevin"]
[Black "Konara, Seha"]
[Result "1/2-1/2"]
[WhiteElo "1419"]
[BlackElo "1192"]
[PlyCount "43"]
[EventDate "2023.08.26"]
[EventType "swiss"]
[EventRounds "6"]
[EventCountry "ENG"]
[SourceTitle "EXT 2024"]
[Source "ChessBase"]
[SourceDate "2023.10.10"]
[SourceVersion "1"]
[SourceVersionDate "2023.10.10"]
[SourceQuality "1"]

1. Nf3 d5 2. c4 c6 3. g3 Bf5 4. Bg2 e6 5. Qb3 Qb6 6. d3 Nf6 7. 0-0 Be7 8. cxd5 Qxb3 9. axb3 exd5 10. Bd2 0-0 11. b4 Nbd7 12. Bc3 Rfe8 13. Nh4 Bg4 14. Nf3 Bd6 15. Re1 Ne5 16. Nbd2 Re7 17. h3 Bd7 18. Nxe5 Bxe5 19. Nf3 Bxc3 20. bxc3 a6 21. Kh2 h6 22. e3 1/2-1/2

[Event "Berkshire Berks & Bucks op-C"]
[Site "Berkshire"]
[Date "2023.08.26"]
[Round "2"]
[White "Sengupta, Sohana"]
[Black "Chojnacki, Kevin"]
[Result "0-1"]
[WhiteElo "1262"]
[BlackElo "1419"]
[PlyCount "66"]
[EventDate "2023.08.26"]
[EventType "swiss"]
[EventRounds "6"]
[EventCountry "ENG"]
[SourceTitle "EXT 2024"]
[Source "ChessBase"]
[SourceDate "2023.10.10"]
[SourceVersion "1"]
[SourceVersionDate "2023.10.10"]
[SourceQuality "1"]

1. e4 d6 2. d4 Nf6 3. Nc3 g6 4. Be3 Bg7 5. Qd2 0-0 6. Nf3 c6 7. Be2 b5 8. a3 Bg4 9. 0-0 a5 10. h3 Bxf3 11. Bxf3 e6 12. Be2 Nbd7 13. f4 b4 14. Na4 bxa3 15. Rxa3 Nxe4 16. Qe1 Rb8 17. Bf3 f5 18. b3 d5 19. Bxe4 fxe4 20. Qc3 Qc7 21. Nc5 Nxc5 22. Qxc5 Rb5 23. Qc3 c5 24. Rfa1 Qb6 25. Qd2 cxd4 26. Bf2 e3 27. Qe2 exf2+ 28. Qxf2 d3 29. Qxb6 Rxb6 30. Rf1 dxc2 31. Ra2 Rc8 32. Rxa5 c1Q 33. Rxc1 Rxc1+ 0-1